Statistics for Peter Pan Characters Quiz

Click here to take the quiz!

General Stats

  • This quiz has been taken 145 times
  • The average score is 9 of 15

Answer Stats

DescriptionCharacters% Correct
The boy who never grows upPeter Pan
100%
A hot-headed pixie and Peter Pan's closest friendTinker Bell
99%
The eldest of the Darling children, who adores Peter PanWendy Darling
96%
One of Wendy's two younger siblings, the older Darling sonJohn Darling
89%
The youngest of the three Darling children, who is about four years old and he carries a teddy bear with him and is very sensitiveMichael Darling
89%
He is a pirate captain who seeks revenge on Pan for having his left hand chopped off and fed to the Crocodile in fair battleCaptain Hook
87%
The Darlings' nursemaid, a St. Bernard dogNana
79%
The Darling children's fatherGeorge Darling
57%
The Darling children's motherMary Darling
55%
Hook's personal assistant and the comic relief in the storyMr. Smee
50%
A Lost Boy who wears a rabbit costumeNibs
21%
A Lost Boy who wears a skunk costumeTootles
21%
A Lost Boy who wears a fox costumeSlightly
19%
The Lost Boys who wear raccoon costumesThe Twins
17%
A Lost Boy who wears a bear costumeCubby
14%

Score Distribution

Percentile by Number Answered

Percent of People with Each Score

Your Score History

You have not taken this quiz